Lamartine et le sentiment de la nature / (Record no. 34107)

MARC details
000 -LEADER
campo de control de longitud fija 00649nam a2200193 i 4500
001 - NÚMERO DE CONTROL
campo de control 34107
003 - IDENTIFICADOR DE NÚMERO DE CONTROL
campo de control ES-MaACL
005 - FECHA Y HORA DE LA ÚLTIMA TRANSACCIÓN
campo de control 20240520143844.0
007 - CAMPO FIJO DE DESCRIPCIÓN FÍSICA--INFORMACIÓN GENERAL
campo de control de longitud fija t|
008 - DATOS DE LONGITUD FIJA--INFORMACIÓN GENERAL
campo de control de longitud fija 030204s1934 fr ||||1| fre d
100 1# - ENTRADA PRINCIPAL--NOMBRE DE PERSONA
Nombre de persona Boeniger, Yvonne.
9 (RLIN) 29748
245 10 - MENCIÓN DEL TÍTULO
Título Lamartine et le sentiment de la nature /
Mención de responsabilidad, etc. Yvonne Boeniger ; préface de Fortunat Strowski.
260 ## - PUBLICACIÓN, DISTRIBUCIÓN, ETC.
Lugar de publicación, distribución, etc. Paris :
Nombre del editor, distribuidor, etc. Nizet et Bastard,
Fecha de publicación, distribución, etc. 1934 (
Lugar de fabricación/manufactura Angers :
Fabricante L'Imprimerie de l'Anjon)
300 ## - DESCRIPCIÓN FÍSICA
Extensión IX, 283 p. ;
Dimensiones 25 cm.
600 14 - PUNTO DE ACCESO ADICIONAL DE MATERIA--NOMBRE DE PERSONA
Nombre de persona Lamartine, Alphonse de,
Fechas asociadas al nombre 1790-1869
9 (RLIN) 69776
700 1# - ENTRADA AGREGADA--NOMBRE PERSONAL
Nombre de persona Strowski, Fortunat.
9 (RLIN) 108462
852 ## - LOCALIZACIÓN
Ubicación ES-MaACL
Número de control de estantería A-2941
Holdings
Estatus retirado Estado de pérdida Estado de daño No para préstamo Biblioteca de origen Biblioteca actual Ubicación en estantería Fecha de adquisición Fuente de adquisición Total de préstamos Signatura topográfica completa Código de barras Visto por última vez Precio de reemplazo Tipo de ítem Koha
        Biblioteca del Ateneo de Madrid Biblioteca del Ateneo de Madrid Sala Pecera Planta 1 17/01/2008     A-2941 1035555 23/02/2023 23/02/2023 Libro impreso